Apuntes sobre el desarrollo capitalista de Costa Rica /
Spremljeno u:
| Glavni autor: | |
|---|---|
| Format: | Tekst |
| Teme: | |
| Oznake: |
Dodaj oznaku
Bez oznaka, Budi prvi tko označuje ovaj zapis!
|
MARC
| LEADER | 00000 a a2200000 04500 | ||
|---|---|---|---|
| 001 | 18677 | ||
| 003 | |||
| 040 | |||
| 100 | |a Mora Valverde, Eduardo | ||
| 245 | |a Apuntes sobre el desarrollo capitalista de Costa Rica / |c Eduardo Mora Valverde | ||
| 650 | |a DESARROLLO CAPITALISTA | ||
| 773 | |g número 3; páginas 7-12 | ||
| 999 | |c 40100 |d 40100 | ||
